| 000 | 00566nam a2200181 u 4500 | ||
|---|---|---|---|
| 001 | 000037864 | ||
| 005 | 20201002031128.0 | ||
| 008 | 111010s2012 mx a 000 d spa d | ||
| 020 | _a9685146578 | ||
| 040 |
_aDO-SdBNP _bspa _cBNPHU3 |
||
| 082 |
_a822.33 _bS527m |
||
| 100 | 1 |
_aShakespeare, William, _d1564-1616 _96748 |
|
| 245 | 1 | 3 |
_aEl mercader de Venecia / _cWilliam Shakespeare. |
| 260 |
_aNezahualcóyotl : _bEdiciones Leyenda, _c2012. |
||
| 300 |
_a76 p. : _bil. ; rets. ; _c21 cm. |
||
| 650 | 4 |
_aDrama inglés _942705 |
|
| 910 | _aValidado. Control de calidad MFF | ||
| 999 |
_c37354 _d37354 |
||